000 01143nam a22002297a 4500
999 _c57629
_d57629
003 Ge_BSU
005 20200819141607.0
008 200819s2019 ge ||||| |||| 00| 0 geo d
020 _a 9789941963872
041 _ageo
080 _a343.9 გ-13
100 _a გაბუნია, მიხეილ
_99264
245 _aკრიმინოლოგია :
_bდამხმარე სახელმძღვანელო /
_cმიხეილ გაბუნია; [ რედ.:ტატიანა ლეონენკო, კახა გაბუნია;რეცენზ.:მიხეილ მამნიაშვილი ] .
264 _aთბ.:
_b,, იურისტების სამყარო ",
_c2019.
300 _a201 გვ .;
_b20 სმ.
504 _aბიბლიოგრ. გვ. 196-199
653 _aკრიმინოლოგია
653 _aსამართალი
700 _aლეონენკო,ტატიანა
_eრედაქტორი
_99265
700 _aგაბუნია, კახა
_eრედაქტორი
_94175
942 _2udc
_cBK